Business Mathematics and Statistics Fundamentals (Record no. 2383)

MARC details
000 -LEADER
fixed length control field 00439nam a22001697a 4500
005 - DATE AND TIME OF LATEST TRANSACTION
control field 20180530124314.0
008 - FIXED-LENGTH DATA ELEMENTS--GENERAL INFORMATION
fixed length control field 160611b xxu||||| |||| 00| 0 eng d
020 ## - INTERNATIONAL STANDARD BOOK NUMBER
ISBN 978-81-8054-633-4
041 ## - LANGUAGE CODE
Language code of text/sound track or separate title eng
082 ## - DEWEY DECIMAL CLASSIFICATION NUMBER
Item number 6811
Classification number 519.5
100 ## - MAIN ENTRY--AUTHOR NAME
Personal name Aggarwal, B.M.
245 ## - TITLE STATEMENT
Title Business Mathematics and Statistics Fundamentals
260 ## - PUBLICATION, DISTRIBUTION, ETC. (IMPRINT)
Place of publication New Delhi
Name of publisher Sultan Chand & Sons,
300 ## - PHYSICAL DESCRIPTION
Number of Pages 1525
650 ## - SUBJECT ADDED ENTRY--TOPICAL TERM
Topical Term Management
942 ## - ADDED ENTRY ELEMENTS (KOHA)
Koha item type Books
Holdings
Lost status Damaged status Collection code Home library Current library Shelving location Date acquired Source of acquisition Cost, normal purchase price Full call number Accession Number Koha item type
    MANAGEMENT JRU Library JRU Library SHELF-75-A 11/06/2016 PURCHASE 300.00 519.5 6811 Books
    MANAGEMENT JRU Library JRU Library SHELF-75-A 11/06/2016   300.00 519.5 6812 Books
    MANAGEMENT JRU Library JRU Library SHELF-75-A 11/06/2016   300.00 519.5 6813 Books